[Event "Brno Pasci duben"]
[Site "?"]
[Date "2023.04.08"]
[Round "1"]
[White "Chladek, Vlastimil"]
[Black "Mencik, Pavel"]
[Result "1-0"]
[WhiteElo "1918"]
[BlackElo "1758"]
[PlyCount "79"]
[EventDate "2023.04.??"]
[EventType "tourn"]
[EventRounds "13"]
[EventCountry "ITA"]

{[%evp 0,79,19,31,34,19,122,51,33,54,37,14,28,31,39,47,23,29,46,37,55,38,50,50,
49,41,24,20,4,-18,70,72,72,72,70,72,70,61,81,59,92,99,104,89,170,170,200,185,
196,196,196,182,176,175,177,142,140,130,152,110,144,103,169,128,150,143,143,
137,136,135,132,135,142,129,364,366,377,378,439,476,519,552]} 1. e4 e5 2. Nf3
f5 3. d4 fxe4 4. Nxe5 Nf6 5. Nc3 d6 6. Nc4 Be7 7. Be2 O-O 8. O-O Nc6 9. d5 Ne5
10. Nxe5 dxe5 11. Bg5 Bf5 12. Bc4 Kh8 13. Re1 h6 14. Bxf6 Bxf6 15. Nxe4 Bh4 16.
g3 Be7 17. Qe2 Qd7 18. f3 Bh3 19. Qe3 b6 20. Rad1 Bf5 21. c3 Bxe4 22. Qxe4 Bc5+
23. Kg2 Rae8 24. Bd3 g5 25. Qg6 Qg7 26. b4 Bd6 27. Qxg7+ Kxg7 28. a4 Rf6 29. a5
Ref8 30. Be4 Rb8 31. axb6 axb6 32. Ra1 Rff8 33. Ra7 Ra8 34. Rea1 Rxa7 35. Rxa7
Kf6 36. c4 Ke7 37. c5 bxc5 38. bxc5 Bxc5 39. Rxc7+ Kd6 40. Rc6+ 1-0

[Event "Brno Pasci duben"]
[Site "?"]
[Date "2023.04.08"]
[Round "2"]
[White "Kanovsky, Petr"]
[Black "Lintner, Igor"]
[Result "0-1"]
[WhiteElo "1533"]
[BlackElo "2095"]
[PlyCount "58"]
[EventDate "2023.04.??"]
[EventType "tourn"]
[EventRounds "13"]
[EventCountry "ITA"]

{[%evp 0,58,34,23,70,47,47,42,48,43,82,10,16,18,32,32,41,7,101,36,37,-185,-168,
-196,-192,-241,-232,-215,-147,-139,-160,-230,-233,-252,-290,-305,-293,-352,
-268,-391,-371,-435,-427,-425,-452,-483,-455,-695,-915,-915,-942,-923,-966,
-1028,-665,-665,-624,-665,-591,-860,-839]} 1. e4 c5 2. Nf3 e6 3. d4 cxd4 4.
Nxd4 a6 5. Bc4 Qc7 6. Qe2 b5 7. Bd3 Bb7 8. O-O d6 9. h3 Nd7 10. Bf4 e5 11. Nxb5
axb5 12. Be3 b4 13. c3 bxc3 14. Nxc3 Ngf6 15. f4 Be7 16. Nb5 Qb8 17. Rfc1 O-O
18. Rc7 Rc8 19. Rac1 Rxc7 20. Rxc7 Rxa2 21. fxe5 dxe5 22. Qc2 Bd8 23. Bc4 Ra1+
24. Kh2 Bxc7 25. Nxc7 Bxe4 26. Qc3 Bb7 27. b4 Rd1 28. Qc2 e4 29. Qxd1 Qxc7+ {
a bílý překročil čas.} 0-1

[Event "Brno Pasci duben"]
[Site "?"]
[Date "2023.04.08"]
[Round "3"]
[White "Hajek, Oskar"]
[Black "Vyskocil, Neklan"]
[Result "1-0"]
[WhiteElo "2144"]
[BlackElo "2192"]
[PlyCount "83"]
[EventDate "2023.04.??"]
[EventType "tourn"]
[EventRounds "13"]
[EventCountry "ITA"]

{[%evp 0,83,21,35,86,78,84,77,91,74,95,50,76,35,68,40,35,28,33,16,53,34,117,
117,110,116,116,128,124,129,117,87,101,97,120,75,91,42,87,85,106,106,117,126,
121,118,108,-2,212,213,210,215,216,91,161,137,134,14,14,-40,-22,12,12,12,254,
104,104,80,220,314,411,484,1066,103,670,19,29991,-89,1117,-143,29991,29992,
29995,29996,29997,29996]} 1. e4 g6 2. d4 Bg7 3. Nc3 d6 4. Be3 a6 5. Qd2 e6 6.
h4 h6 7. f4 h5 8. O-O-O Nf6 9. Nf3 b5 10. e5 dxe5 11. fxe5 Nd5 12. Bg5 Qd7 13.
Ne4 Qc6 14. Kb1 Nd7 15. Ne1 Rb8 16. Nd3 b4 17. Ka1 a5 18. Nf4 N7b6 19. Bd3 Nxf4
20. Qxf4 Nd5 21. Qf2 Ba6 22. Rhf1 O-O 23. Nf6+ Kh8 24. Bxa6 Qxa6 25. Nxd5 exd5
26. Qd2 a4 27. Bf6 Kg8 28. g4 hxg4 29. h5 b3 30. cxb3 axb3 31. a3 Rb5 32. h6
Bxf6 33. Rxf6 Qa7 34. h7+ Kh8 35. Rdf1 Ra8 36. Kb1 c5 37. Qg5 cxd4 38. e6 Qe7
39. Rc1 Qb7 40. Qe5 Kxh7 41. Rh1+ Kg8 42. Rxg6+ {Závěr bez záruky. JK.} 1-0

[Event "Brno Pasci duben"]
[Site "?"]
[Date "2023.04.08"]
[Round "4"]
[White "Fiala, Petr"]
[Black "Chladek, Vlastimil"]
[Result "0-1"]
[WhiteElo "1697"]
[BlackElo "1918"]
[PlyCount "58"]
[EventDate "2023.04.??"]
[EventType "tourn"]
[EventRounds "13"]
[EventCountry "ITA"]

{[%evp 0,58,20,31,37,13,93,31,10,10,10,6,5,-19,-19,-29,-30,-17,-21,-59,-25,-88,
-73,-144,-135,-142,-74,-77,-48,-278,-272,-289,-277,-349,-286,-286,-289,-279,
-256,-297,-234,-236,-186,-250,-239,-242,-229,-238,-246,-1194,-228,-228,-259,
-448,-524,-497,-497,-1108,-1198,-2092,-2092]} 1. e4 Nc6 2. Nf3 f5 3. d3 d6 4.
Be2 e5 5. O-O Nf6 6. exf5 Bxf5 7. h3 Be7 8. Nc3 O-O 9. b3 Qd7 10. Kh2 d5 11.
Bb2 d4 12. Nb1 Rad8 13. Nbd2 Bd6 14. Nc4 e4+ 15. Nxd6 exf3 16. Nxf5 fxe2 17.
Nh6+ gxh6 18. Qxe2 Qf5 19. Qd2 Ne5 20. f4 Ng6 21. Rae1 c5 22. g4 Qd5 23. f5 Ne5
24. Qxh6 Nf3+ 25. Rxf3 Qxf3 26. Re7 Rf7 27. Qg5+ Kf8 28. Rxf7+ Kxf7 29. Ba3 Re8
0-1

[Event "Brno Pasci duben"]
[Site "?"]
[Date "2023.04.08"]
[Round "5"]
[White "Kredl, Karel"]
[Black "Vyskocil, Neklan"]
[Result "1/2-1/2"]
[WhiteElo "2042"]
[BlackElo "2192"]
[PlyCount "28"]
[EventDate "2023.04.??"]
[EventType "tourn"]
[EventRounds "13"]
[EventCountry "ITA"]

{[%evp 0,28,31,16,27,26,23,4,26,29,52,29,29,29,29,37,37,30,23,23,22,34,34,15,
19,13,35,32,14,20,15]} 1. d4 Nf6 2. Nf3 e6 3. c4 Bb4+ 4. Bd2 Qe7 5. g3 O-O 6.
Bg2 Bxd2+ 7. Nbxd2 d6 8. O-O e5 9. e3 Nc6 10. d5 Nb8 11. b4 a5 12. a3 b6 13.
Qb3 Nbd7 14. Rfc1 Bb7 1/2-1/2

[Event "Brno Pasci duben"]
[Site "?"]
[Date "2023.04.08"]
[Round "6"]
[White "Eichler, Bretislav"]
[Black "Mencik, Pavel"]
[Result "0-1"]
[WhiteElo "1674"]
[BlackElo "1758"]
[PlyCount "65"]
[EventDate "2023.04.??"]
[EventType "tourn"]
[EventRounds "13"]
[EventCountry "ITA"]

{[%evp 0,65,31,-59,-55,-54,-12,-37,-9,5,0,-38,12,15,51,16,17,15,11,5,0,-53,-18,
-28,-26,-33,5,-33,1,-21,0,0,22,-38,-13,-36,-57,-92,-69,-55,-79,-58,7,-29,-74,
-74,-33,-58,19,-83,-5,-5,20,-31,18,20,86,-21,28,-70,22,-175,4,-40,-2,-44,-30,
-37]} 1. b4 d5 2. Bb2 a5 3. b5 a4 4. e3 Nf6 5. a3 Bd7 6. Nf3 Ra5 7. Nc3 e6 8.
Ne5 Bd6 9. Nxd7 Nbxd7 10. Rb1 O-O 11. Be2 Qe7 12. Ra1 Ne5 13. Qb1 Raa8 14. d3
Nfg4 15. h3 Nh6 16. Bc1 Rfb8 17. d4 Ng6 18. Bd3 c5 19. dxc5 Bxc5 20. Ne2 e5 21.
Ng3 e4 22. Be2 d4 23. O-O Rd8 24. Bd2 Ne5 25. exd4 Bxd4 26. Ra2 Ng6 27. Bb4 Qe6
28. c4 Re8 29. Rd2 Rad8 30. c5 Nf4 31. Nxe4 Qxe4 32. Qxe4 Rxe4 33. Bf3 {
a bílý překročil čas.} 0-1

[Event "Brno Pasci duben"]
[Site "?"]
[Date "2023.04.08"]
[Round "8"]
[White "Vasilenko, Dmitry"]
[Black "Glacner, Karel"]
[Result "1-0"]
[WhiteElo "2004"]
[BlackElo "1386"]
[PlyCount "23"]
[EventDate "2023.04.??"]
[EventType "tourn"]
[EventRounds "13"]
[EventCountry "ITA"]

{[%evp 0,23,23,22,22,22,81,34,48,28,31,39,216,251,231,237,521,494,29997,684,
1240,994,1552,1916,1958,2001]} 1. e4 e5 2. Nf3 f5 3. d4 fxe4 4. Nxe5 Nf6 5. Bg5
h6 6. Bxf6 Qxf6 7. Qh5+ Ke7 8. Ng6+ Ke6 9. Nc3 Qxd4 10. Rd1 Qc5 11. Nf4+ Ke7
12. Qxc5+ 1-0

[Event "Brno Pasci duben"]
[Site "?"]
[Date "2023.04.08"]
[Round "9"]
[White "Pospisil, Tomas"]
[Black "Vinnyk, Mykhailo"]
[Result "0-1"]
[WhiteElo "1544"]
[BlackElo "1745"]
[PlyCount "68"]
[EventDate "2023.04.??"]
[EventType "tourn"]
[EventRounds "13"]
[EventCountry "ITA"]

{[%evp 0,68,26,22,47,51,51,40,44,17,18,36,18,6,32,11,-1,-19,-20,-14,-17,-49,
-46,-42,-62,-57,-43,-76,-65,-96,-96,-146,-161,-151,-115,-92,-88,-83,-97,-91,
-54,-74,-84,-114,-62,-98,-19,-49,-78,-121,-99,-91,-84,-140,-124,-118,-127,-131,
-111,-109,-102,-353,-359,-368,-359,-366,-385,-381,-398,-431,-410]} 1. e4 c5 2.
Nf3 e6 3. a3 Nc6 4. Bb5 Nf6 5. Bxc6 bxc6 6. d3 h6 7. h3 d5 8. e5 Nd7 9. O-O Be7
10. d4 cxd4 11. Qxd4 O-O 12. Qg4 Kh8 13. Qh5 Rb8 14. b4 c5 15. c3 a5 16. Nbd2
axb4 17. axb4 cxb4 18. cxb4 Rxb4 19. Ba3 Rb8 20. Bxe7 Qxe7 21. Nd4 Bb7 22. Rfe1
Qb4 23. N4f3 Qe7 24. Rab1 Bc6 25. Nd4 Ba4 26. Ra1 Qb4 27. N4f3 Bc2 28. Qg4 Bf5
29. Qxb4 Rxb4 30. Rab1 Bxb1 31. Rxb1 Rxb1+ 32. Nxb1 Rb8 33. Nbd2 Rb2 34. Kh2
Nxe5 {a černý dal po dalších tazích mat.} 0-1

[Event "Brno Pasci duben"]
[Site "?"]
[Date "2023.04.08"]
[Round "10"]
[White "Sipek, Michal"]
[Black "Hajek, Oskar"]
[Result "1-0"]
[WhiteElo "2007"]
[BlackElo "2144"]
[PlyCount "73"]
[EventDate "2023.04.??"]
[EventType "tourn"]
[EventRounds "13"]
[EventCountry "ITA"]

{[%evp 0,73,26,-2,20,13,18,22,47,6,10,10,24,23,22,5,5,-2,-2,-41,-32,-35,26,-9,
94,83,95,95,96,96,127,105,100,84,82,61,73,64,64,19,27,28,50,9,64,-3,106,0,128,
150,150,150,157,174,189,189,185,197,826,374,474,328,773,291,311,288,288,345,
388,268,334,334,1238,1432,1479,1479]} 1. c4 c5 2. Nc3 Nc6 3. Nf3 g6 4. g3 Bg7
5. Bg2 e6 6. d3 Nge7 7. Bg5 h6 8. Bd2 d5 9. cxd5 exd5 10. Qc1 Nf5 11. O-O O-O
12. e4 Nfd4 13. Bxh6 dxe4 14. dxe4 Bg4 15. Nxd4 Nxd4 16. Bxg7 Kxg7 17. Qe3 Nc2
18. Qxc5 Nxa1 19. Rxa1 Be6 20. e5 Qd2 21. Qb5 a6 22. Qb6 Rad8 23. h4 Qc2 24.
Be4 Qd2 25. Rd1 Qxd1+ 26. Nxd1 Rxd1+ 27. Kg2 Rfd8 28. h5 Rc1 29. hxg6 Rdd1 30.
Kf3 Rd2 31. g4 Rf1 32. Kg3 Rg1+ 33. Kf3 Bxg4+ 34. Ke3 Re2+ 35. Kf4 Rxf2+ 36.
Qxf2 Rd1 37. Kxg4 1-0

[Event "Brno Pasci duben"]
[Site "?"]
[Date "2023.04.08"]
[Round "11"]
[White "Kanovsky, Petr"]
[Black "Zeman, Arnost"]
[Result "0-1"]
[WhiteElo "1533"]
[BlackElo "1703"]
[PlyCount "48"]
[EventDate "2023.04.??"]
[EventType "tourn"]
[EventRounds "13"]
[EventCountry "ITA"]

{[%evp 0,48,26,11,51,71,102,100,77,68,81,29,80,66,98,47,30,32,10,14,49,47,44,
37,56,49,49,-1,0,-44,-48,-46,-47,-18,-33,-27,-27,-68,-42,-165,-173,-179,-67,
-67,-67,-434,-433,-433,-425,-786,-804]} 1. e4 c5 2. Nf3 g6 3. d4 cxd4 4. Nxd4
Bg7 5. Bc4 Nf6 6. Nc3 O-O 7. O-O Nxe4 8. Nxe4 d5 9. Nb5 dxc4 10. Qxd8 Rxd8 11.
Nc7 Na6 12. Nxa8 Bf5 13. Nc3 Rxa8 14. Be3 Bxc2 15. Rac1 Bd3 16. Rfd1 b5 17. b3
Nb4 18. bxc4 Bxc4 19. a3 Nd3 20. Rc2 Rd8 21. Rdd2 Bb3 22. Bxa7 Bxc2 23. Rxc2
Rc8 24. Bd4 Bxd4 0-1

[Event "Brno Pasci duben"]
[Site "?"]
[Date "2023.04.08"]
[Round "12"]
[White "Chladek, Vlastimil"]
[Black "Hajek, Oskar"]
[Result "0-1"]
[WhiteElo "1918"]
[BlackElo "2144"]
[PlyCount "54"]
[EventDate "2023.04.??"]
[EventType "tourn"]
[EventRounds "13"]
[EventCountry "ITA"]

{[%evp 0,54,30,37,12,20,25,13,79,45,47,65,51,-24,78,65,43,53,47,65,69,49,55,
-39,3,-9,7,3,33,40,40,-5,-7,4,-3,5,6,-4,0,-1,-4,-7,-11,-52,-53,-59,-16,-93,
-103,-156,-166,-161,-141,-161,-151,-216,-215]} 1. e4 e5 2. Nf3 Nc6 3. d4 d6 4.
Bc4 Bg4 5. c3 Nf6 6. Qb3 Na5 7. Bxf7+ Ke7 8. Qa4 Kxf7 9. Qxa5 exd4 10. Ng5+ Kg8
11. h3 Bd7 12. cxd4 h6 13. Nf3 c6 14. Qxd8 Rxd8 15. Nc3 Nxe4 16. Nxe4 Re8 17.
Nfd2 d5 18. f3 dxe4 19. fxe4 Bb4 20. e5 c5 21. O-O cxd4 22. Nf3 Bb5 23. Rd1 Be2
24. Bd2 Bxd1 25. Rxd1 Bxd2 26. Rxd2 Rd8 27. Nxd4 Kh7 0-1

[Event "Brno Pasci duben"]
[Site "?"]
[Date "2023.04.08"]
[Round "13"]
[White "Glacner, Karel"]
[Black "Fiala, Petr"]
[Result "0-1"]
[WhiteElo "1386"]
[BlackElo "1697"]
[PlyCount "68"]
[EventDate "2023.04.??"]
[EventType "tourn"]
[EventRounds "13"]
[EventCountry "ITA"]

{[%evp 0,68,26,23,71,30,46,31,45,53,57,-3,5,-19,-19,-53,-6,-21,-21,-102,-84,
-178,-156,-156,-148,-187,-185,-185,-171,-161,-156,-239,-157,-248,-103,-257,-87,
-207,-90,-90,-90,-180,-48,-194,-179,-179,-169,-164,-159,-351,-341,-343,-346,
-347,-337,-354,-329,-364,-314,-316,-138,-395,-361,-358,-360,-369,-368,-415,
-394,-443,-407]} 1. e4 c5 2. f4 d6 3. Nf3 Nf6 4. Nc3 a6 5. Bc4 b5 6. Bd5 Nxd5
7. exd5 g6 8. O-O Bg7 9. Ne4 O-O 10. c3 Bb7 11. f5 Bxd5 12. Ng3 Nd7 13. d3 b4
14. c4 Bc6 15. Ne4 Ne5 16. Bg5 Qd7 17. Qd2 f6 18. Bh6 Ng4 19. Bxg7 Kxg7 20. h3
Ne5 21. Nh4 Bxe4 22. dxe4 g5 23. Nf3 Nxc4 24. Qc2 Ne3 25. Qf2 Nxf1 26. Rxf1
Rac8 27. h4 h6 28. Qg3 Kf7 29. Qg4 Qe8 30. Qh5+ Kg7 31. Qg4 h5 32. Qg3 g4 33.
Nh2 Kh7 34. Qf4 Rg8 {Bílý překročil čas.} 0-1

[Event "Brno Pasci duben"]
[Site "?"]
[Date "2023.04.08"]
[Round "14"]
[White "Chladek, Vlastimil"]
[Black "Kredl, Karel"]
[Result "0-1"]
[WhiteElo "1918"]
[BlackElo "2042"]
[PlyCount "38"]
[EventDate "2023.04.??"]
[EventType "tourn"]
[EventRounds "13"]
[EventCountry "ITA"]

{[%evp 0,38,26,23,71,46,40,7,27,15,17,29,44,27,17,24,20,1,-7,0,0,9,-17,-45,-51,
-51,-42,-60,-87,-148,-155,-155,-155,-187,-108,-114,-115,-152,-151,-151,-157]} 
1. e4 c5 2. d4 cxd4 3. c3 dxc3 4. Nxc3 Nc6 5. Nf3 d6 6. Bc4 e6 7. O-O Be7 8.
Qe2 Nf6 9. Rd1 e5 10. Bg5 O-O 11. Nb5 Bg4 12. Bxf6 Bxf6 13. Rxd6 Qe7 14. h3
Bxf3 15. Qxf3 a6 16. Rxf6 Qxf6 17. Qxf6 gxf6 18. Nc7 Rac8 19. Nd5 Kg7 0-1

[Event "Brno Pasci duben"]
[Site "?"]
[Date "2023.04.08"]
[Round "15"]
[White "Vyskocil, Neklan"]
[Black "Eichler, Bretislav"]
[Result "1/2-1/2"]
[WhiteElo "2192"]
[BlackElo "1674"]
[PlyCount "72"]
[EventDate "2023.04.??"]
[EventType "tourn"]
[EventRounds "13"]
[EventCountry "ITA"]

{[%evp 0,72,24,23,51,56,56,42,18,2,81,62,66,51,50,42,86,65,55,50,144,153,128,
78,136,123,184,208,309,314,307,307,307,350,441,309,309,334,344,213,223,136,180,
121,169,95,56,82,62,110,448,-8,5,-79,-58,-355,-311,-312,-323,-305,-325,-325,
-190,-297,-308,-313,-60,-278,-298,-307,-280,-304,-155,-162,-175]} 1. e4 c5 2.
Nf3 Nc6 3. d4 cxd4 4. Nxd4 g6 5. Nc3 Bg7 6. Be3 d6 7. Qd2 h5 8. O-O-O Nf6 9. h3
Ne5 10. f4 Ned7 11. Bc4 Nb6 12. Bb3 a5 13. e5 dxe5 14. fxe5 Nfd5 15. Nxd5 Nxd5
16. Nb5 e6 17. Bxd5 exd5 18. Nd6+ Kf8 19. Qxd5 Be6 20. Qe4 Qe7 21. h4 Bxa2 22.
Rhf1 Qxe5 23. Qxe5 Bxe5 24. b3 a4 25. Nc4 Bg7 26. Nd6 axb3 27. cxb3 Bxb3 28.
Rd3 Ra1+ 29. Kd2 Rxf1 30. Rxb3 Bh6 31. Bxh6+ Rxh6 32. Rxb7 Kg7 33. Ne8+ Kf8 34.
Nd6 Rf6 35. Rd7 Re6 36. Rxf7+ Kg8 {a partie skončila remízou.} 1/2-1/2

[Event "Brno Pasci duben"]
[Site "?"]
[Date "2023.04.08"]
[Round "16"]
[White "Kanovsky, Petr"]
[Black "Glacner, Karel"]
[Result "1-0"]
[WhiteElo "1533"]
[BlackElo "1386"]
[PlyCount "29"]
[EventDate "2023.04.??"]
[EventType "tourn"]
[EventRounds "13"]
[EventCountry "ITA"]

{[%evp 0,29,23,11,22,17,105,67,73,75,115,118,155,8,151,-13,129,136,194,127,127,
116,326,301,363,27,210,42,1010,1059,1738,1355]} 1. e4 e5 2. Nf3 f5 3. Nc3 Nf6
4. exf5 e4 5. Ng5 Be7 6. Bc4 d5 7. Bb3 a6 8. d3 c5 9. Ne6 Bxe6 10. fxe6 Bd6 11.
dxe4 d4 12. Bd5 Nxd5 13. exd5 Be5 14. Qh5+ Ke7 15. Qxe5 1-0

[Event "Brno Pasci duben"]
[Site "?"]
[Date "2023.04.08"]
[Round "17"]
[White "Holemar, David"]
[Black "Pospisil, Tomas"]
[Result "1-0"]
[WhiteElo "2180"]
[BlackElo "1544"]
[PlyCount "56"]
[EventDate "2023.04.??"]
[EventType "tourn"]
[EventRounds "13"]
[EventCountry "ITA"]

{[%evp 0,56,23,22,17,-6,68,32,51,51,51,41,46,45,39,40,54,35,38,31,42,50,63,34,
41,17,12,-52,31,40,40,43,40,37,37,18,99,45,135,110,161,175,189,163,171,-26,645,
660,664,463,463,459,638,667,673,686,686,710,719]} 1. Nc3 e5 2. Nf3 d6 3. h3 Be7
4. d4 exd4 5. Nxd4 Bd7 6. e4 Nc6 7. Be3 Nf6 8. Bd3 O-O 9. O-O h6 10. Qd2 Ne5
11. f4 Nxd3 12. cxd3 c5 13. Nde2 b5 14. e5 dxe5 15. fxe5 Nh7 16. Ne4 Bc6 17.
N2g3 Re8 18. Qf2 Rf8 19. Bxc5 Bxc5 20. Nxc5 Qd5 21. d4 Ng5 22. Nf5 Ne4 23. Ne7+
Kh8 24. Nxd5 Nxf2 25. Ne7 Nxh3+ 26. gxh3 Be8 27. Ng6+ Kg8 28. Nxf8 Kxf8 {
a bílý vyhrál.} 1-0

[Event "Brno Pasci duben"]
[Site "?"]
[Date "2023.04.08"]
[Round "18"]
[White "Fiala, Petr"]
[Black "Kredl, Karel"]
[Result "0-1"]
[WhiteElo "1697"]
[BlackElo "2042"]
[PlyCount "84"]
[EventDate "2023.04.??"]
[EventType "tourn"]
[EventRounds "13"]
[EventCountry "ITA"]

{[%evp 0,84,23,9,56,40,14,9,25,29,9,24,27,24,21,15,21,-22,-26,-20,-31,-71,-28,
-40,-33,-56,-61,-98,-28,-63,-64,-97,-92,-119,-103,-153,-161,-182,-176,-180,
-160,-157,-126,-166,-153,-188,-153,-177,-170,-200,-179,-192,-184,-215,-192,
-252,-170,-174,-157,-166,-126,-475,-162,-168,-136,-128,-146,-131,-130,-147,
-120,-118,-114,-112,-118,-134,-141,-102,-68,-185,-172,-208,-210,-234,-260,-751,
-967]} 1. e4 c5 2. d4 cxd4 3. c3 dxc3 4. Nxc3 Nc6 5. Bc4 d6 6. Nf3 e6 7. O-O
Be7 8. Be3 Nf6 9. a3 O-O 10. Qc2 a6 11. Rad1 Qc7 12. Ba2 b5 13. Bb1 Bb7 14. Bg5
g6 15. Rfe1 Rac8 16. Bf4 Ne5 17. Bxe5 dxe5 18. Rc1 Rfd8 19. b4 Qb8 20. Qb2 Nh5
21. g3 Nf6 22. Ba2 Nd7 23. Bb1 Nb6 24. Nd2 Nc4 25. Nxc4 Rxc4 26. Ba2 Rc7 27. f3
Rdc8 28. Ne2 Qa7+ 29. Kg2 Bf6 30. Nc3 Rd7 31. Red1 Rcd8 32. Rxd7 Rxd7 33. Rd1
Rd4 34. Qc2 Qb8 35. Ne2 Rd8 36. Rxd8+ Qxd8 37. Bb1 Bg5 38. Nc1 f5 39. exf5 exf5
40. Nd3 e4 41. Ne5 exf3+ 42. Kf2 Qd4+ 0-1

[Event "Brno Pasci duben"]
[Site "?"]
[Date "2023.04.08"]
[Round "8"]
[White "Hajek, Oskar"]
[Black "Bures, Vit"]
[Result "0-1"]
[WhiteElo "2144"]
[BlackElo "2009"]
[PlyCount "72"]
[EventDate "2023.04.??"]
[EventType "tourn"]
[EventRounds "13"]
[EventCountry "ITA"]

{[%evp 0,72,23,23,18,12,16,16,22,6,4,0,9,6,10,-36,-35,-35,0,-23,-15,-45,-34,
-54,-72,-70,-63,-78,-78,-106,-83,-76,-74,-89,-60,-93,-96,-109,-116,-75,-20,
-108,-131,-170,-181,-147,-134,-151,-101,-111,-101,-116,-114,-111,-114,-121,
-118,-110,-108,-93,-113,-117,-117,-108,-104,-122,-95,-126,-120,-123,-107,-112,
-123,-162,-197]} 1. d4 d5 2. Nc3 Nf6 3. Bf4 Bf5 4. e3 e6 5. Bd3 Bxd3 6. cxd3
Bd6 7. Nf3 Bxf4 8. exf4 Nbd7 9. Ne5 O-O 10. g4 c5 11. dxc5 Nxc5 12. g5 Nfd7 13.
Nxd7 Qxd7 14. d4 Ne4 15. Nxe4 dxe4 16. O-O Rad8 17. Qe2 Qxd4 18. Rfe1 f5 19.
gxf6 Rxf6 20. Qxe4 Qxb2 21. Rab1 Qxa2 22. Rxb7 a5 23. Ra7 Rg6+ 24. Kf1 Rf8 25.
Ra8 Rgf6 26. Rxf8+ Rxf8 27. Qxe6+ Qxe6 28. Rxe6 Ra8 29. Re3 a4 30. Ra3 Kf7 31.
Ke2 Ke6 32. Kd3 Kd5 33. h4 g6 34. f3 Kc5 35. Kc3 Ra7 36. Ra1 a3 {a černý
vyhrál.} 0-1

[Event "Brno Pasci duben"]
[Site "?"]
[Date "2023.04.08"]
[Round "1"]
[White "Bures, Vit"]
[Black "Fiala, Petr"]
[Result "1-0"]
[WhiteElo "2009"]
[BlackElo "1697"]
[PlyCount "65"]
[EventDate "2023.04.??"]
[EventType "tourn"]
[EventRounds "13"]
[EventCountry "ITA"]

{[%evp 0,65,32,13,21,-21,-4,-10,-3,-20,-8,2,13,16,20,20,22,9,28,28,47,42,57,29,
24,24,27,37,49,37,30,24,24,25,46,27,53,43,48,38,36,21,18,41,34,39,41,34,18,12,
24,9,248,239,244,237,322,290,295,295,410,436,588,600,708,865,865,877]} 1. d4 d5
2. c4 e6 3. Nc3 Nf6 4. cxd5 exd5 5. Bg5 Be7 6. e3 O-O 7. Bd3 h6 8. Bh4 Be6 9.
Nge2 Qd7 10. Nf4 c6 11. Nxe6 Qxe6 12. O-O Nbd7 13. Qc2 Nb6 14. Bf5 Qd6 15. Bg3
Qd8 16. Rfe1 Nh5 17. Be5 Nd7 18. Rad1 Nxe5 19. dxe5 g6 20. Bd3 Ng7 21. e4 d4
22. Ne2 c5 23. f4 Rc8 24. b3 b6 25. f5 f6 26. Bc4+ Kh8 27. Nf4 fxe5 28. Nxg6+
Kh7 29. Nxe5 Qc7 30. Ng6 Bd6 31. e5 Rxf5 32. exd6 Qxd6 33. Ne7 {a nemožný
tah věží.} 1-0

[Event "Brno Pasci duben"]
[Site "?"]
[Date "2023.04.08"]
[Round "12"]
[White "Bures, Vit"]
[Black "Sipek, Michal"]
[Result "1-0"]
[WhiteElo "2009"]
[BlackElo "2007"]
[PlyCount "59"]
[EventDate "2023.04.??"]
[EventType "tourn"]
[EventRounds "13"]
[EventCountry "ITA"]

{[%evp 0,59,18,18,64,67,67,71,73,67,73,67,66,14,47,60,48,28,59,59,70,70,70,57,
110,89,80,78,74,59,117,117,102,114,109,-43,-52,-52,-60,-24,33,-10,7,-45,-26,
-26,-25,-25,-68,-43,0,-73,-75,-68,339,339,349,357,362,370,384,380]} 1. d4 d6 2.
e4 Nf6 3. Nc3 g6 4. Be3 c6 5. h3 Nbd7 6. f4 Bg7 7. Nf3 O-O 8. Bd3 b5 9. e5 Nd5
10. Nxd5 cxd5 11. O-O dxe5 12. dxe5 a6 13. Qe2 Bb7 14. e6 fxe6 15. Ng5 Rf6 16.
Bd4 Nf8 17. Bxf6 exf6 18. Nf3 Qc7 19. a4 b4 20. Qd2 a5 21. Rae1 e5 22. fxe5
fxe5 23. Ng5 e4 24. Bb5 Qg3 25. Qf4 Qxf4 26. Rxf4 Bc8 27. Bc6 Ra7 28. Bxd5+ Kh8
29. Nf7+ Kg8 30. Nd6+ 1-0

[Event "Brno Pasci duben"]
[Site "?"]
[Date "2023.04.01"]
[Round "5"]
[White "Bures, Vit"]
[Black "Glacner, Karel"]
[Result "1-0"]
[WhiteElo "2009"]
[BlackElo "1386"]
[PlyCount "27"]
[EventDate "2023.04.??"]
[EventType "tourn"]
[EventRounds "13"]
[EventCountry "ITA"]

{[%evp 0,27,19,34,75,63,52,78,127,50,123,94,103,135,100,108,96,104,179,90,317,
317,274,278,742,763,771,756,756,756]} 1. d4 e5 2. dxe5 Nc6 3. Nf3 Qe7 4. Bf4
Qb4+ 5. Bd2 Qxb2 6. Nc3 Bb4 7. Rb1 Qa3 8. Nb5 Qa5 9. e3 Nge7 10. Rxb4 Nxb4 11.
a3 Nxc2+ 12. Qxc2 Qb6 13. Nxc7+ Kd8 14. Nxa8 {a černý zahrál nějaký tah a
přišlo Jxb6.} 1-0